书目信息 |
| 题名: |
货币围城
|
|
| 作者: | 莫尔丁 , 泰珀 著 ;马海涌 , 黄蕊 译 | |
| 分册: | ||
| 出版信息: | 北京 机械工业出版社 2016 |
|
| 页数: | 312页 | |
| 开本: | 24cm | |
| 丛书名: | ||
| 单 册: | ||
| 中图分类: | F82-49 , F8 | |
| 科图分类: | ||
| 主题词: | 财政金融--Huo Bi--通俗读物 | |
| 电子资源: | ||
| ISBN: | 978-7-111-53101-2 | |
| 000 | 01300nam0 2200313 450 | |
| 001 | 1648604435 | |
| 005 | 20161013082602.87 | |
| 010 | @a978-7-111-53101-2@dCNY59.00 | |
| 100 | @a20160429d2016 em y0chiy0120 ea | |
| 101 | 1 | @achi@ceng |
| 102 | @aCN@b110000 | |
| 105 | @aak z 000yy | |
| 106 | @ar | |
| 200 | 1 | @a货币围城@AHuo Bi Wei Cheng@f(美) 约翰·莫尔丁, 乔纳森·泰珀著@d= Code red : how to protect your savings from the coming crisis@fJohn Mauldin, Jonathan Teppe@g马海涌, 黄蕊译@zeng |
| 210 | @a北京@c机械工业出版社@d2016 | |
| 215 | @a312页@c图@d24cm | |
| 306 | @a由John Wiley & Sons公司授权出版 | |
| 330 | @a本书介绍了最近最热的话题:量化宽松政策,零利率政策,印钞,金融抑制通货膨胀和货币战争,用通俗易懂的方法讲解储户如何保护自己的财富。现金的储蓄者和投资者面临较高的风险和低回报的金融困局的世界中。本书概述如何利用未来的经济动荡保护自己的财富。 | |
| 333 | @a大众读者。 | |
| 500 | 10 | @aCode red : how to protect your savings from the coming crisis@mChinese |
| 606 | 0 | @a财政金融@AHuo Bi@j通俗读物 |
| 690 | @aF82-49@v5 | |
| 690 | @aF8@v4 | |
| 701 | 1 | @a莫尔丁@AMo Er Ding@g(Mauldin, John)@4著 |
| 701 | 1 | @a泰珀@ATai Po@g(Tepper, Jonathan)@4著 |
| 702 | 0 | @a马海涌@AMa Hai Yong@4译 |
| 702 | 0 | @a黄蕊@AHuang Rui@4译 |
| 801 | 0 | @aCN@b江苏新华@c20150511 |
| 905 | @aBZT@dF8@e15 | |
| 货币围城/(美) 约翰·莫尔丁, 乔纳森·泰珀著= Code red : how to protect your savings from the coming crisis/John Mauldin, Jonathan Teppe/马海涌, 黄蕊译.-北京:机械工业出版社,2016 |
| 312页:图;24cm |
| 使用对象:大众读者。 |
| ISBN 978-7-111-53101-2:CNY59.00 |
| 本书介绍了最近最热的话题:量化宽松政策,零利率政策,印钞,金融抑制通货膨胀和货币战争,用通俗易懂的方法讲解储户如何保护自己的财富。现金的储蓄者和投资者面临较高的风险和低回报的金融困局的世界中。本书概述如何利用未来的经济动荡保护自己的财富。 |
| ● |
| 相关链接 |
|
|
|
正题名:货币围城
索取号:F8/15
 
预约/预借
| 序号 | 登录号 | 条形码 | 馆藏地/架位号 | 状态 | 备注 |
| 1 | 801452 | 2000801452 | 第二书库/ [索取号:F8/15] | 在馆 | |
| 2 | 801453 | 2000801453 | 第二书库/ [索取号:F8/15] | 在馆 | |
| 3 | 801454 | 2000801454 | 第二书库/ [索取号:F8/15] | 在馆 |